000 00910nam0a22002531 4500
001 rc\4998513
005 20260408073133.0
021 _aRU
_bРг2895-63
035 _a(NLR Aleph) 008975417
090 _a9151637
_c9151637
100 _a20130430d1962 |||y0rusy50 ca
101 0 _arus
102 _aRU
105 _aa z |||||
200 1 _aТрансформатор типа ТСПК-20А для прогрева кабеля
_eИнструкция по эксплуатации
_fОренб. совнархоз. Оренб. электромех. завод
210 _aОренбург
_cБ. и.
_d1962
215 _a12 с.
_cил.
_d20
712 0 2 _aОренбургский электромеханический завод
_3RU\NLR\AUTH\8810215980
_9318013
801 0 _aRU
_bNLR
_gpsbo
801 1 _aRU
_bELAR
_2rusmarc
852 _aNLR
_j63-4/4830
852 _aNLR
_j63-4/3877
942 _cBOOK
980 _aNB